[Event "Quisera ser como Paul Morpy!"]
[Site "http://www.queenalice.com/game.php?id=318286"]
[Date "2007.12.11"]
[Round "-"]
[White "Scorpion_Queen"]
[Black "limaosiciliano"]
[Result "1-0"]
[WhiteElo "1645"]
[BlackElo "1780"]

1. c4 g6 2. Nc3 Bg7 3. Nf3 c5 4. b3 Nc6 5. Bb2 d6 6. Qc1 e5 7. d3 Nge7 8. g3 O-O
9. Bg2 a6 10. O-O Rb8 11. Qd2 h6 12. Rfd1 Be6 13. e3 d5 14. cxd5 Nxd5 15. Na4
Qe7 16. d4 1-0

[Event "Challenge"]
[Site "http://www.queenalice.com/game.php?id=318459"]
[Date "2007.12.11"]
[Round "-"]
[White "samuelrodrigues"]
[Black "Scorpion_Queen"]
[Result "0-1"]
[WhiteElo "1014"]
[BlackElo "1645"]

1. d4 Nf6 2. Nf3 e6 3. a4 b6 4. Nc3 Bb4 5. Nd2 Bb7 6. Ncb1 O-O 7. g3 Bxh1 8. f3
Re8 9. c3 Bd6 10. b4 e5 11. dxe5 Bxe5 12. f4 Bxf4 13. gxf4 Ng4 14. Bh3 Qh4+ 15.
Kf1 Qf2# 0-1

[Event "AUTO-OPEN-931"]
[Site "http://www.queenalice.com/game.php?id=318583"]
[Date "2007.12.11"]
[Round "1"]
[White "JCOELHO"]
[Black "Scorpion_Queen"]
[Result "0-1"]
[WhiteElo "1572"]
[BlackElo "1816"]

1. e4 c5 2. d4 cxd4 3. Qxd4 Nc6 4. Qa4 Qc7 5. Nc3 Nf6 6. Bg5 e6 7. O-O-O a6 8.
Nf3 Bc5 9. Bc4 Bxf2 10. e5 Nxe5 11. Bf4 Qxc4 12. Qa5 Qxf4+ 13. Kb1 Nxf3 14. gxf3
b6 15. Qa3 Bc5 16. Qa4 Qxf3 17. Nb5 axb5 18. Qxb5 Qc6 19. Qe2 Ba6 20. Qe5 Bc4
21. b3 O-O 22. bxc4 Qa4 23. Qb2 Qxc4 24. h4 Ba3 25. Qxa3 Rxa3 26. Kc1 Rc8 27.
Rd2 Rxa2 28. Kb1 Rxc2 29. Rxd7 Qb3+ 30. Ka1 Qa2# 0-1

[Event "AUTO-OPEN-931"]
[Site "http://www.queenalice.com/game.php?id=318584"]
[Date "2007.12.11"]
[Round "1"]
[White "Scorpion_Queen"]
[Black "JCOELHO"]
[Result "1-0"]
[WhiteElo "1831"]
[BlackElo "1559"]

1. Nf3 d5 2. d4 Nc6 3. g3 Nf6 4. Bf4 Bf5 5. c3 e6 6. Qb3 Bd6 7. Qxb7 Na5 8. Qb5+
Nc6 9. Qxc6+ Nd7 10. Bxd6 cxd6 11. Qxd6 Be4 12. Nbd2 a5 13. Nxe4 dxe4 14. Ne5
Nxe5 15. Qxe5 O-O 16. Qxe4 a4 17. Bg2 a3 18. Qxa8 Qb6 19. Qxa3 h5 20. h4 f5 21.
e3 Rd8 22. O-O Kf7 23. c4 e5 24. c5 Qb5 25. Qb3+ Qxb3 26. axb3 exd4 27. Rfd1 d3
28. Rac1 d2 29. Rc2 g5 30. hxg5 Kg6 31. Rcxd2 Rf8 32. f4 Re8 33. Kf2 Rc8 34.
Rd6+ Kf7 35. c6 h4 36. gxh4 Ke7 37. Rh6 Rd8 38. Rh7+ Ke8 39. Rh8+ 1-0

[Event "AUTO-OPEN-931"]
[Site "http://www.queenalice.com/game.php?id=318610"]
[Date "2007.12.11"]
[Round "1"]
[White "lebaracaldoAlucard"]
[Black "Scorpion_Queen"]
[Result "1-0"]
[WhiteElo "1723"]
[BlackElo "1843"]

1. g3 e5 2. Bg2 Nf6 3. d3 Nc6 4. e4 Bc5 5. Ne2 O-O 6. O-O d6 7. a3 Bg4 8. Nbc3
Qd7 9. b4 Bd4 10. Bb2 Bh3 11. Nxd4 Nxd4 12. Ne2 c5 13. bxc5 dxc5 14. Bxd4 cxd4
15. c3 1-0

[Event "AUTO-OPEN-931"]
[Site "http://www.queenalice.com/game.php?id=318611"]
[Date "2007.12.11"]
[Round "1"]
[White "Scorpion_Queen"]
[Black "lebaracaldoAlucard"]
[Result "0-1"]
[WhiteElo "1758"]
[BlackElo "1774"]

1. Nf3 b6 2. c4 g6 3. g3 Bb7 4. Bg2 Bg7 5. O-O e6 6. d3 Ne7 7. Qc2 O-O 8. Bd2 d5
9. cxd5 Bxd5 10. Bc3 Nf5 11. e4 Bb7 12. exf5 exf5 13. Bxg7 Kxg7 14. Qc3+ Qf6 15.
Qxf6+ Kxf6 16. Rc1 c5 17. d4 cxd4 18. Nxd4 Bxg2 19. Kxg2 Nd7 20. Nc3 Rac8 21.
Nd5+ Kg7 0-1

[Event "AUTO-OPEN-931"]
[Site "http://www.queenalice.com/game.php?id=318628"]
[Date "2007.12.11"]
[Round "1"]
[White "Scorpion_Queen"]
[Black "emorej83"]
[Result "0-1"]
[WhiteElo "1779"]
[BlackElo "1689"]

1. c4 e5 2. g3 e4 3. Bg2 f5 4. Nc3 Nc6 5. d3 exd3 6. Qxd3 d6 7. Bf4 Bd7 8. Nh3
Qe7 9. O-O O-O-O 10. c5 dxc5 11. Nd5 Qe6 12. Nxc7 Qf7 13. Rfd1 Nf6 14. Bxc6 Be7
0-1

[Event "AUTO-OPEN-931"]
[Site "http://www.queenalice.com/game.php?id=318629"]
[Date "2007.12.11"]
[Round "1"]
[White "emorej83"]
[Black "Scorpion_Queen"]
[Result "1-0"]
[WhiteElo "1709"]
[BlackElo "1681"]

1. c4 e5 2. Nc3 Nf6 3. e3 Nc6 4. Nf3 Bb4 5. Qc2 Bxc3 6. Qxc3 Qe7 7. d4 Ne4 8.
Qc2 exd4 9. Be2 dxe3 10. Bxe3 d6 11. O-O Bf5 12. Qa4 O-O 13. Qb3 b6 14. Qb5 Bd7
15. Bd3 1-0

[Event "Scorpion"]
[Site "http://www.queenalice.com/game.php?id=318890"]
[Date "2007.12.12"]
[Round "-"]
[White "foda"]
[Black "Scorpion_Queen"]
[Result "0-1"]
[WhiteElo "1389"]
[BlackElo "1500"]

1. e4 c5 2. Bc4 e6 3. Nf3 d5 4. exd5 exd5 5. Bb5+ Bd7 6. Bd3 Be7 7. Qe2 c4 8.
Bxc4 dxc4 9. Qxc4 Nc6 10. d4 Bg4 11. Ne5 Nxe5 12. Qb5+ Nc6 13. Qxb7 Nxd4 0-1

[Event "scorpion sting"]
[Site "http://www.queenalice.com/game.php?id=326725"]
[Date "2007.12.27"]
[Round "-"]
[White "Scorpion_Queen"]
[Black "technicaldraw"]
[Result "1-0"]
[WhiteElo "1619"]
[BlackElo "2006"]

1. e4 e6 2. d4 d5 3. Nc3 Bb4 4. e5 Ne7 5. a3 Bxc3+ 6. bxc3 c5 7. Qg4 Kf8 8. Nf3
Qa5 9. Bd2 Qa4 10. Bd3 c4 11. Be2 Qxc2 12. O-O Qg6 13. Qf4 Qf5 14. Qg3 Qg6 15.
Bd1 Bd7 16. Qf4 Qf5 17. Qh4 Nbc6 18. Rc1 h5 19. h3 Ng6 20. Qg3 h4 21. Qh2 Nge7
22. Bg5 Qh7 23. Nxh4 g6 24. Bf6 Rg8 25. Nf3 Qh6 26. Ng5 Nf5 27. Qf4 Ke8 28. g4
Nce7 29. gxf5 gxf5 30. Kh2 1-0

[Event "scorpion sting 2"]
[Site "http://www.queenalice.com/game.php?id=326732"]
[Date "2007.12.27"]
[Round "-"]
[White "technicaldraw"]
[Black "Scorpion_Queen"]
[Result "0-1"]
[WhiteElo "2006"]
[BlackElo "1731"]

1. e4 e5 2. Nf3 Nc6 3. Bb5 a6 4. Bxc6 dxc6 5. O-O Qd6 6. Na3 Be6 7. Qe2 f6 8.
Rd1 c5 9. c3 g5 10. Nc2 c4 11. Nfe1 Qc6 12. d4 cxd3 13. Qxd3 Bd6 14. Be3 Bc4 15.
Qd2 Qxe4 16. f3 Qg6 17. b3 Be6 18. Qf2 Nh6 19. c4 g4 20. Bxh6 Qxh6 21. c5 Be7
22. b4 Rg8 23. fxg4 Bxg4 24. Rd2 a5 25. a3 f5 0-1

[Event "Challenge"]
[Site "http://www.queenalice.com/game.php?id=346942"]
[Date "2008.2.1"]
[Round "-"]
[White "Drica"]
[Black "Scorpion_Queen"]
[Result "1-0"]
[WhiteElo "1658"]
[BlackElo "1800"]

1. e4 c6 2. c4 d5 3. cxd5 cxd5 4. exd5 Nf6 5. Bb5+ Nbd7 6. Qb3 a6 7. Bc4 Ne5 8.
Be2 Qxd5 9. Qxd5 Nxd5 10. b3 Nb4 11. Na3 Ned3+ 12. Kd1 Nxf2+ 13. Ke1 Nxh1 14.
Bb2 Rg8 15. Bc3 1-0

[Event "Challenge"]
[Site "http://www.queenalice.com/game.php?id=352873"]
[Date "2008.2.12"]
[Round "-"]
[White "Kronista"]
[Black "Scorpion_Queen"]
[Result "1-0"]
[WhiteElo "1710"]
[BlackElo "1701"]

1. e4 c6 2. Nc3 d5 3. d4 dxe4 4. Nxe4 Nd7 5. Nf3 Ngf6 6. Bd3 Nxe4 7. Bxe4 Nf6 8.
Qd3 Nxe4 9. Qxe4 Qd5 10. Qxd5 cxd5 11. O-O Bf5 12. Bf4 e6 13. c3 1-0

[Event "Challenge"]
[Site "http://www.queenalice.com/game.php?id=352877"]
[Date "2008.2.12"]
[Round "-"]
[White "Scorpion_Queen"]
[Black "Kronista"]
[Result "0-1"]
[WhiteElo "1730"]
[BlackElo "1692"]

1. d4 d5 2. c4 e6 3. Nc3 Nf6 4. Bg5 Nbd7 5. Nf3 Be7 6. Qc2 c5 7. cxd5 Nxd5 8.
Bxe7 Qxe7 9. Nxd5 exd5 10. e3 O-O 11. Bd3 b6 12. Bxh7+ Kh8 13. h4 cxd4 0-1

[Event "positionalgenius"]
[Site "http://www.queenalice.com/game.php?id=461216"]
[Date "2008.9.10"]
[Round "2"]
[White "shadrach"]
[Black "Scorpion_Queen"]
[Result "0-1"]
[WhiteElo "1881"]
[BlackElo "1695"]

1. e4 e6 2. d4 d5 3. Nc3 Nf6 4. Bg5 dxe4 5. Nxe4 Be7 6. Bxf6 gxf6 7. Nf3 a6 8.
c4 f5 9. Nc3 Bf6 10. Qd2 c5 11. d5 e5 12. h4 e4 13. Ng5 Nd7 14. O-O-O h6 15. Nh3
Bd4 16. Ne2 Be5 17. f4 Bf6 18. g4 b5 19. gxf5 Nb6 20. Nc3 Bxf5 21. Nxe4 Bxe4 22.
Re1 Kf8 23. Rxe4 Na4 24. Re5 Qd6 25. cxb5 c4 26. Qa5 Bxe5 27. fxe5 Qxe5 28. Qxa4
Qe3+ 29. Kb1 Qe4+ 30. Kc1 Qxh1 31. Qa3+ Kg8 32. Qg3+ Kh7 33. Qf2 Rhf8 34. Qf5+
Kg7 35. Qg4+ Kh8 36. Qf4 Qxd5 37. Qxh6+ Kg8 38. Ng5 Rfd8 0-1

[Event "positionalgenius"]
[Site "http://www.queenalice.com/game.php?id=508627"]
[Date "2008.12.16"]
[Round "3"]
[White "Scorpion_Queen"]
[Black "ahmadov"]
[Result "1-0"]
[WhiteElo "1745"]
[BlackElo "1974"]

1. d4 d5 2. Nf3 Nc6 3. c4 e6 4. Nc3 Nf6 5. Bg5 Be7 6. e3 O-O 7. Rc1 h6 8. Bh4 b6
9. cxd5 exd5 10. Bd3 Bb7 11. O-O Re8 12. a3 a6 13. Bg3 Rc8 14. Qc2 Bd6 15. Bf5
Rb8 16. Ne2 Qe7 17. Bxd6 Qxd6 18. Ng3 g6 19. Bxg6 Ne7 20. Bd3 Bc8 21. Qxc7 Qxc7
22. Rxc7 Ng6 23. Rfc1 1-0

[Event "Challenge"]
[Site "http://www.queenalice.com/game.php?id=509141"]
[Date "2008.12.17"]
[Round "-"]
[White "fhazzick"]
[Black "Scorpion_Queen"]
[Result "0-1"]
[WhiteElo "1994"]
[BlackElo "1710"]

1. d4 Nf6 2. Nf3 d5 3. Bf4 c5 4. e3 Nc6 5. Bb5 Qa5+ 6. Nc3 Ne4 7. Bxc6+ bxc6 8.
O-O Nxc3 9. Qd2 Ne2+ 10. Qxe2 Ba6 11. Qe1 Qb6 12. dxc5 Qxc5 13. b4 Qb6 14. Qc3
Bxf1 15. Rxf1 f6 0-1

[Event "nightw0lf-2"]
[Site "http://www.queenalice.com/game.php?id=684254"]
[Date "2009.11.16"]
[Round "1"]
[White "Scorpion_Queen"]
[Black "shadrach"]
[Result "0-1"]
[WhiteElo "1775"]
[BlackElo "2056"]

1. e4 c6 2. d4 d5 3. exd5 cxd5 4. c4 e6 5. Nc3 Nf6 6. Nf3 Be7 7. cxd5 Nxd5 8.
Bd3 Nc6 9. O-O O-O 10. Re1 Bf6 11. Be4 Nce7 12. Qd3 h6 13. Ne5 Nxc3 14. Qxc3 Nf5
15. Be3 a5 0-1